Designing and managing human resource systems / (Record no. 1700)

MARC details
000 -LEADER
fixed length control field 00766cam a2200253 a 4500
001 - CONTROL NUMBER
control field BD-DhSAU 1700
003 - CONTROL NUMBER IDENTIFIER
control field BD-DhSAU
005 - DATE AND TIME OF LATEST TRANSACTION
control field 20150120100745.0
008 - FIXED-LENGTH DATA ELEMENTS--GENERAL INFORMATION
fixed length control field 811218s1981 ii b 001 0 eng
040 ## - CATALOGING SOURCE
Original cataloging agency BD-DhSAU
082 00 - DEWEY DECIMAL CLASSIFICATION NUMBER
Classification number 630.715
Edition number 22
Item number PAD
100 1# - MAIN ENTRY--PERSONAL NAME
Personal name Pareek, Udai Narain,
Dates associated with a name 1925-
245 10 - TITLE STATEMENT
Title Designing and managing human resource systems /
Statement of responsibility, etc. Udai Pareek and T. Venkateswara Rao.
250 ## - EDITION STATEMENT
Edition statement 2nd edition.
260 ## - PUBLICATION, DISTRIBUTION, ETC. (IMPRINT)
Place of publication, distribution, etc. New Delhi :
Name of publisher, distributor, etc. Oxford & IBH ;
Date of publication, distribution, etc. c1981.
300 ## - PHYSICAL DESCRIPTION
Extent viii, 347 p. ;
Dimensions 22 cm.
504 ## - BIBLIOGRAPHY, ETC. NOTE
Bibliography, etc Include bibliographical references and index.
590 ## - Name of Cataloguer
Name of Cataloger joy
650 #0 - SUBJECT ADDED ENTRY--TOPICAL TERM
Topical term or geographic name as entry element Personnel management.
650 #0 - SUBJECT ADDED ENTRY--TOPICAL TERM
Topical term or geographic name as entry element Statistics.
650 #0 - SUBJECT ADDED ENTRY--TOPICAL TERM
Topical term or geographic name as entry element Employees
General subdivision Training of.
650 #0 - SUBJECT ADDED ENTRY--TOPICAL TERM
Topical term or geographic name as entry element Manpower planning.
700 2# - ADDED ENTRY--PERSONAL NAME
Personal name Venkateswara Rao, T.
942 ## - ADDED ENTRY ELEMENTS (KOHA)
Source of classification or shelving scheme Dewey Decimal Classification
Koha item type Book
Holdings
Withdrawn status Lost status Source of classification or shelving scheme Damaged status Not for loan Home library Branch Name Shelving location Date acquired Total Checkouts Full call number Barcode Date last seen Price effective from Koha item type
    Dewey Decimal Classification     SAU Library SAU Library General Stacks 24/06/1992   630.715 PAD 20004 20/01/2015 20/01/2015 Book
    Dewey Decimal Classification     SAU Library SAU Library General Stacks 24/06/1992   630.715 PAD 20003 11/02/2015 11/02/2015 Book